000 00450nam a2200181Ia 4500
001 18238
005 20260306171616.0
008 260306s9999||||xx |||||||||||||| ||und||
041 _aESP
082 _a658.402
_bB38
100 _aBelleflamme, Paul
_eAUT
245 0 _aIndustrial organization:
_bmarkets and strategies
260 _c2018
300 _axxv, 799 páginas :
_c25 cm.
650 _aGEN
654 _aCAN
942 _cLIB
_dJUS
_fJUS
_2ddc
_n
999 _c18238
_d18238